000 04224nab a2200337 i 4500
003 BR-BrBNA
005 20250127111859.0
008 250127b2016 bl.|r|pooa||| 00| 0 por |
040 _aBR-BrBNA
_bpor
072 _aL70
_b5400
100 _aPereira, C.S.
100 _aMuzzi, R.A.L.
100 _aFigueiredo, V.C.
100 _aMuzzi, L.A.L.
100 _aOberlender, G.
100 _aJúnior, A.C.C.L.
100 _aNeto, M.L.
100 _aOliveira, M.M.
245 _aTroponina I como biomarcador de lesão cardíaca em cães com sepse
500 _a Publicação online; 22 ref.; 5 tables; Summaries (En, Pt)
520 _a RESUMO - Avaliou-se a troponina I como biomarcador de lesão cardíaca na sepse, além de outros parâmetros hematológicos, em cadelas com piometra. Os grupos avaliados não diferiram estatisticamente na avaliação da concentração sérica da troponina I cardíaca. A quantidade total de leucócitos (mm3) e a porcentagem de bastonetes foram significativamente maiores no grupo sepse (23.221,74±16.848,80mm3 e 5,91±10,18%) quando comparado ao grupo não sepse (14.492,86±6.828,26mm3 e 1,93±1,64%) e ao grupo controle (10.320,00±3.999,02mm3 e 1,65±2,05%). Houve diferença significativa nas concentrações séricas da proteína C reativa (mg/dL) no grupo sepse (19,57±41,69md/dL) se comparado ao grupo não sepse (10,29±12,02mg/dL) e ao grupo controle (3,60±3,53mg/dL). Na avaliação da concentração sérica do lactato, houve diferença significativa entre cães com piometra e cães saudáveis, porém não houve diferença significativa entre os grupos sepse e não sepse. Os resultados do presente estudo indicam que a troponina I cardíaca não pôde ser considerada um biomarcador precoce para injúria miocárdica nos casos de cadela com piometra, pois os resultados das mensurações foram semelhantes entre os grupos, o que indica que pode não ter ocorrido lesão dos cardiomiócitos nessa fase. Já a proteína C reativa e o lactato são possíveis marcadores para inflamação sistêmica, uma vez que demonstraram concentrações séricas significativamente maiores em cadelas com piometra. Palavras-chave: cão, sepse, biomarcadores
520 _a ABSTRACT - Troponin I as a biomarker of cardiac injury in sepsis, and other hematological parameters in female dogs with pyometra were evaluated. The groups did not differ in the assessment of serum cardiac troponin I. The total amount of leukocytes (mm3) and percentage of band cells was significantly higher in the sepsis group (23,221.74±16,848.80mm3 and 5.91±10.18%) compared to the non-sepsis group (14,492.86±6,828.26mm3 and 1.93±1.64%) and the control group (10,320.00±3,999.02mm3 and 1.65±2.05% respectively). There were significant differences in serum concentrations of C-reactive protein (mg / dL) in the sepsis group (19.57±41.69md / dL) compared to the non-sepsis group (10.29±12.02mg / dL) and control group (3.60±3.53mg / dL). In the evaluation of serum lactate concentration, there was a significant difference between dogs with pyometra and healthy dogs, but there was no significant difference between the sepsis and non-sepsis groups. The results of this study indicate that troponin I could not be considered an early biomarker of myocardial injury in cases of dogs with pyometra, because the results of the measurements were similar between groups, inferring that there may not have been an cardiomyocytes injury at this stage. C-reactive protein and lactate are potential markers for systemic inflammation, as demonstrated by significantly higher serum concentrations in dogs with pyometra. Keywords: dog, sepsis, biomarker
650 _aCÃO
650 _aDIAGNÓSTICO
650 _aAPARELHO CIRCULATÓRIO
650 _aVETERINÁRIA
773 0 _01643
_9348075
_dBelo Horizonte-MG Universidade Federal de Minas Gerais - Escola de Veterinaria 1983
_o2025-0570
_tArquivo Brasileiro de Medicina Veterinária e Zootecnia (Brazil)
_x0102-0935
_gv. 68(4) p. 919-926; (2016)
_wBR2024004572
856 _uhttps://www.scielo.br/j/abmvz/a/76v4Sb9chbCyv7kV6v9KDsh/?format=pdf&lang=pt
942 _cANA
999 _c329680
_d329680